Kraje które już nie uczestniczą na Eurowizji - Statystyki

Ogólne statystyki
  • Ten quiz został rozwiązany 37 razy
  • Średni wynik to 10 z 16
Statystyki odpowiedzi
Rok Kraj % Poprawnych
2021 Rosja
81%
2009 Andora
74%
2020 Białoruś
74%
2012 Słowacja
71%
2012 Turcja
71%
2023 Bułgaria
68%
2024 Mołdawia
68%
2023 Rumunia
68%
2023 Macedonia
65%
2017 Bośnia
61%
1993-2023 Luksemburg
58%
1980 Maroko
58%
2006 Monako
58%
1992 Jugosławia
55%
2019-2024 Czarnogóra
45%
2006 Serbia i Czarnogóra
39%
Nie znaleziono quizów pasujących do podanych kryteriów
Rozkład punktacji
Procent ludzi z każdym wynikiem
Percentyl według liczby udzielonych odpowiedzi
Twoja historia wyników
Nie rozwiązałeś tego quizu